000 00673nam a2200193Ia 4500
003 GCL
008 140319s9999 xx 000 0 ara d
040 _aGCL /
_cGCL
082 0 4 _a360
_bم م
100 1 _aمحمد بهجت كشك
245 1 0 _aمدخل الى ادارة المنظمات الاجتماعية /
_cمحمد بهجت كشك
300 _a318 ص
490 _aالهيئة العامة للاستعلامات
_v0
650 0 4 _aالمؤسسات الاجتماعية
650 0 4 _aالاجتماع، علم
650 0 4 _aالمؤسسات الاجتماعية - ادارة
650 0 4 _aالخدمة الاجتماعية - مؤسسات
942 _2ddc
_cBK
999 _c49245
_d49245